| 000 | 00586ntaaa2200205 4500 | ||
|---|---|---|---|
| 003 | 01 | ||
| 005 | 20251027202553.0 | ||
| 008 | 0714s1973 ag 01 | ||
| 040 |
_aAR-BaBN _bspa _cAR-BaBN _eaacr _dRIC |
||
| 082 | _a301.4260 T64 | ||
| 100 | _aTournier, Paul | ||
| 245 | _aMarriage difficulties | ||
| 250 | _a1 ed. | ||
| 260 |
_aLondon : _bSCM Press, _cc1967 |
||
| 300 | _a63 p | ||
| 500 | _aLas dificultades del matrimonio. Título de la primera publicación en inglés "To understand each other" | ||
| 650 | _amatrimonio | ||
| 650 |
_aTo understand each other _924788 |
||
| 942 | _cBK | ||
| 999 |
_c20787 _d20787 |
||